Pays plus peuplé que la France (mort subite) - Statistiques

Statistiques générales
  • Ce quiz a été pris 250 fois
  • Le résultat moyen est 9 sur 15
Answers on the Grid
Answers color-coded by a green-red scale on the quiz's grid according to % correct below.
États-Unis
Bangladesh
Nigeria
Algérie
Luxembourg
Australie
Philippines
Chine
Tunisie
Inde
Canada
Pakistan
Chili
Arabie saoudite
Brésil
Monaco
Iran
Maroc
Mexique
Laos
Japon
Espagne
Portugal
Thaïlande
Corée du Sud
Mali
Émirats arabe unis
Indonésie
Russie
Viêt Nam
 
Statistiques - réponses
Réponse % Correct
États-Unis
97%
Bangladesh
74%
Nigeria
69%
Chine
68%
Inde
66%
Brésil
57%
Japon
54%
Pakistan
54%
Philippines
54%
Russie
53%
Mexique
52%
Indonésie
48%
Iran
45%
Thaïlande
43%
Viêt Nam
41%
Aucun quiz correspondant
Distribution des résultats
% des personnes avec chaque résultat
Percentile par nombre de réponses
Votre historique - résultats
Vous n’avez pas pris ce quiz